| 000 | 00905nam a2200313Ia 4500 | ||
|---|---|---|---|
| 001 | Z_2490 | ||
| 003 | CHAP | ||
| 008 | 220113s9999 xx 000 0 und d | ||
| 010 | _a165547 | ||
| 020 | _a07-023848-0 | ||
| 040 | _cCHAP | ||
| 082 | _a584.973 G68 | ||
| 100 |
_aGould, Frank W. _950114 |
||
| 245 |
_aGrass systematics / _cFrank W. Gould |
||
| 260 |
_aEstados Unidos de América : _bMc Graw-Hill, _c |
||
| 300 | _axi, 382 p. | ||
| 503 | _aej.1: 50412 \ ej.2: 50413 \ ej.3: 50414 | ||
| 504 | _aBibliografía: p. 337 - 338 | ||
| 650 |
_aGramíneas _950260 |
||
| 650 |
_aGramíneas de estación cálida _x _x Estados Unidos _9139465 |
||
| 650 |
_aGramíneas _xClasificación _x _x Estados Unidos _9139466 |
||
| 650 |
_aPastos de estación fresca _x _x Estados Unidos _9139467 |
||
| 901 | _a584.973 G68 | ||
| 902 | _aM | ||
| 910 | _a | ||
| 942 | _c1 | ||
| 942 | _cc1 | ||
| 999 |
_c165547 _d165547 |
||